000 00611nam a22002297a 4500
001 00028901
005 20260425095127.0
008 260425b ag ||||| |||| 00| 0 spa d
020 _a8441305366
040 _aAR-CcCEOS
_bspa
_cAR-CcCEOS
041 _aspa
080 _a903:7(100)
090 _bGOW v.2
100 1 _aGowlett, John
_91127
245 _aCivilizaciones antiguas :
_bVolumen II /
_cJohn Gowlett
264 _aBarcelona :
_bFolio,
_c1996.
300 _a206 p. ;
_c24x18 cm.
490 _vAtlas culturales del mundo
650 0 _ahistoria
_990
655 0 _aarte
_9138
942 _2udc
_cBK
_n0
999 _c28947
_d28947